| 000 | 00384nam a2200145Ia 4500 | ||
|---|---|---|---|
| 008 | 230711s9999||||xx |||||||||||||| ||und|| | ||
| 041 | _aENG | ||
| 082 |
_a620 _bTH-V |
||
| 100 | _aThomson,W.T | ||
| 245 | 0 | _aTheory of vibartion with appplications | |
| 250 | _a3rd | ||
| 260 |
_c1990 _aNew Delhi _bCBS Publishers & Distributors Pvt.Ltd |
||
| 650 | _aMechanical Engineering | ||
| 942 | _cBK | ||
| 999 |
_c2557 _d2557 |
||